000 00519nam a2200181 i 4500
001 150402
003 ES-MaACL
005 20260610142458.0
007 t|
008 071030s1945 fr ||||1| fre d
100 1 _aValéry, Paul,
_d1871-1945
_9243197
245 1 0 _aRegards sur le monde actuel et autres essais /
_cPaul Valéry.
250 _a13em.ed nouv. ed. rev. y aum.
260 _a[S.l.] :
_bGallimard,
_c1945.
300 _a328 p. ;
_c19 cm.
852 _aES-MaACL
_jB-10640
_bR.22578
999 _c150402
_d150402